| 000 -LEADER |
| fixed length control field |
01794nam a22001577a 4500 |
| 008 - FIXED-LENGTH DATA ELEMENTS--GENERAL INFORMATION |
| fixed length control field |
201110b ||||| |||| 00| 0 eng d |
| 100 ## - MAIN ENTRY--PERSONAL NAME |
| Personal name |
Zhao, Jianzhi and Lu, Jiahuan. |
| 245 ## - TITLE STATEMENT |
| Title |
Dees government punish nonprofits for high administrative costs in contracting decisions? |
| 260 ## - PUBLICATION, DISTRIBUTION, ETC. (IMPRINT) |
| Place of publication, distribution, etc |
American Review of Public Administration |
| 300 ## - PHYSICAL DESCRIPTION |
| Extent |
50(3), Apr, 2020: p.286-296 |
| 520 ## - SUMMARY, ETC. |
| Summary, etc |
As government financing of nonprofit organizations to deliver services and implement policies has become a common practice in the public administration landscape, the question of what factors affect government’s source selection has emerged as a significant one. Within this strand of research, how nonprofits’ administrative costs affect their receipt of government contracts is still not fully understood. This article explores that relationship using a large panel data set of U.S.-based international development nonprofits from 1967 to 2014. Different model specifications consistently demonstrate an inverted U-shaped relationship between a nonprofit’s level of administrative costs and its amount of government contracts. In particular, as a nonprofit’s level of administrative costs increases, its amount of government contracts will initially increase, but after its level of administrative costs reaches approximately 16% to 18% of total expenses, further increases in the nonprofit’s level of administrative costs will reduce its amount of government contracts. These findings have implications for both public and nonprofit management.- Reproduced |
| 650 ## - SUBJECT ADDED ENTRY--TOPICAL TERM |
| Topical term or geographic name as entry element |
Government contracting, Government–Nonprofit relations, Administrative costs, Overhead costs |
| 9 (RLIN) |
19224 |
| 773 ## - HOST ITEM ENTRY |
| Main entry heading |
American Review of Public Administration |
| 906 ## - LOCAL DATA ELEMENT F, LDF (RLIN) |
| Subject DIP |
GOVERNMENT CONTRACTING |
| 942 ## - ADDED ENTRY ELEMENTS (KOHA) |
| Item type |
Articles |